[Event "41st Bosna Open"]
[Site "Sarajevo BIH"]
[Date "2011.05.12"]
[Round "9.40"]
[White "Corovic,S"]
[Black "Alihodzic,M"]
[Result "1-0"]
[WhiteElo "2116"]
[BlackElo "2109"]

1.d4 c6 2.c4 d5 3.Nf3 e6 4.e3 Nf6 5.Nc3 Bd6 6.Bd3 Nbd7 7.O-O O-O 8.h3 a6
9.Qe2 c5 10.cxd5 exd5 11.dxc5 Nxc5 12.Bc2 b5 13.Rd1 Bb7 14.b3 Re8 15.Bb2 Qe7
16.Rac1 Rad8 17.Nb1 Nce4 18.Nbd2 Bc5 19.Bb1 Nxf2 20.Bxf6 gxf6 21.Kxf2 Bxe3+
22.Kf1 d4 23.Qd3 Qd6 24.Qxh7+ Kf8 25.Re1 Qg3 26.Qh8+ Ke7 27.Qh4 Qg7 28.Rc7+ Rd7
29.Rxd7+ Kxd7 30.Qg4+ Qxg4 31.hxg4 Bd5 32.Rd1 Kd6 33.Bf5 Kc5 34.a3 a5 35.Rc1+ Kb6
36.Rc8 Re7 37.Bd3 Bf4 38.a4 bxa4 39.bxa4 Bc6 40.Nc4+ Kb7 41.Rd8 Bc7 42.Rxd4 Rd7
43.Bc2 Re7 44.Nd6+ Kb8 45.Nf5 Re8 46.Bd3 Kb7 47.Rc4 Bd5 48.Rc2 Rh8 49.Rb2+ Ka7
50.N5d4 Bb6 51.Nb5+ Kb7 52.Be4 Bxe4 53.Nd6+ Kc6 54.Nxe4 Bd8 55.Ke2 Rg8 56.Nd4+ Kc7
57.Kf3 Be7 58.Rb5 Rd8 59.Ke3 Bb4 60.Nc2 Be1  1-0

[Event "ch-Euro Indiv Women"]
[Site "Tbilisi GEO"]
[Date "2011.05.12"]
[Round "6"]
[White "Purtseladze,M"]
[Black "Danielian,E"]
[Result "0-1"]
[WhiteElo "2352"]
[BlackElo "2506"]

1.d4 d5 2.c4 c6 3.e3 Nf6 4.Nf3 e6 5.Nc3 Nbd7 6.Qc2 Bd6 7.g4 h6 8.h3 a6 9.c5 Bc7
10.Bd2 e5 11.O-O-O e4 12.Nh4 g6 13.f3 Qe7 14.Bg2 O-O 15.fxe4 Nxe4 16.Bxe4 dxe4
17.Ng2 Nf6 18.Rdf1 a5 19.Nf4 Rb8 20.Kb1 b6 21.cxb6 Bxb6 22.Ka1 Ba6 23.Rf2 Bc7
24.Na4 Bb5 25.Nc5 a4 26.Rg1 Rfe8 27.g5 Nd5 28.Nxd5 cxd5 29.h4 Bd6 30.Bb4 Rec8
31.Ba3 Rc6 32.Rf6 Rbc8 33.Qf2 h5 34.Qd2 Qc7 35.Qf2 Bd3 36.Qd2 Bf8 37.Rxc6 Qxc6
38.Nxd3 exd3 39.Bxf8 Kxf8 40.Qxd3 Qc1+ 41.Qb1 Qxe3 42.a3 Qxd4 43.Rc1 Rxc1
44.Qxc1 Qxh4 45.Qc8+ Kg7 46.Qc3+ d4 47.Qb4 Qe4 48.Qxa4 h4 49.Qd1 h3 50.Qf1 h2  0-1

[Event "ch-Euro Indiv Women"]
[Site "Tbilisi GEO"]
[Date "2011.05.13"]
[Round "7"]
[White "Ozturk,Ku"]
[Black "Goryachkina,A"]
[Result "1/2-1/2"]
[WhiteElo "2262"]
[BlackElo "2103"]

1.d4 d5 2.c4 c6 3.Nc3 Nf6 4.e3 e6 5.Nf3 Nbd7 6.Qc2 Bd6 7.Bd3 dxc4 8.Bxc4 b5
9.Be2 Bb7 10.O-O O-O 11.Rd1 Qe7 12.Ne4 Nxe4 13.Qxe4 a6 14.Bd2 Nf6 15.Qh4 c5
16.dxc5 Bxc5 17.Ne5 Bd6 18.f4 Rac8 19.Bc3 Rfd8 20.Bd3 Ne4 21.Qxe7 Bxe7 22.Ba5 Re8
23.Bb6 Nc5 24.Bf1 Bd5 25.Nd3 Ne4 26.Bd4 Bf6 27.Bxf6 Nxf6 28.Rdc1 Ne4 29.a4 Nd2
30.axb5 Nxf1 31.Kxf1 axb5  1/2-1/2

[Event "4th Marko Jaric Mem"]
[Site "Stari Mikanovci CRO"]
[Date "2011.05.14"]
[Round "2"]
[White "Kozul,Z"]
[Black "Rogic,D"]
[Result "0-1"]
[WhiteElo "2555"]
[BlackElo "2581"]

1.d4 d5 2.c4 c6 3.e3 Nf6 4.Nc3 e6 5.Nf3 Nbd7 6.Qc2 Bd6 7.g4 h6 8.Bd2 dxc4
9.Bxc4 b5 10.Be2 Bb7 11.Rg1 Qe7 12.h4 b4 13.Na4 c5 14.dxc5 Nxc5 15.Nxc5 Bxc5
16.Qa4+ Kf8 17.Rc1 Ne4 18.h5 Rd8 19.Rxc5 Nxd2 20.Rc7 Nxf3+ 21.Bxf3 Qxc7 22.Qxb4+ Qe7
23.Qxb7 Qxb7 24.Bxb7 Rb8 25.Be4 Rxb2 26.g5 Rxa2 27.Rg4 Ra4 28.f3 hxg5 29.Rxg5 Ra2  0-1

[Event "4th Beirut Open"]
[Site "Beirut LIB"]
[Date "2011.05.15"]
[Round "3.6"]
[White "Mohammad,Sam"]
[Black "Raes,A"]
[Result "1/2-1/2"]
[WhiteElo "2367"]
[BlackElo "2213"]

1.d4 e6 2.Nf3 d5 3.c4 Nf6 4.Nc3 c6 5.e3 Bd6 6.Qc2 Nbd7 7.Be2 Qe7 8.b3 O-O
9.O-O dxc4 10.bxc4 e5 11.Bb2 Re8 12.Rae1 e4 13.Nd2 Nf8 14.f4 exf3 15.Bxf3 Qc7
16.g3 Bxg3 17.hxg3 Qxg3+ 18.Bg2 Bh3 19.Nf3 Ng4 20.Bc1 Ng6 21.Kh1 Nh4  1/2-1/2

[Event "TCh-NED"]
[Site "Netherlands NED"]
[Date "2011.05.15"]
[Round "9.3"]
[White "Van Wessel,R"]
[Black "Van Delft,M"]
[Result "1/2-1/2"]
[WhiteElo "2380"]
[BlackElo "2384"]

1.d4 d5 2.c4 c6 3.Nc3 Nf6 4.e3 e6 5.Nf3 Nbd7 6.Qc2 b6 7.cxd5 exd5 8.Bd3 Bb7
9.O-O Be7 10.e4 dxe4 11.Nxe4 O-O 12.Ne5 c5 13.Nxd7 Qxd7 14.Nxf6+ Bxf6 15.dxc5 Qc6
16.f3 Qxc5+ 17.Qxc5  1/2-1/2

[Event "TCh-HUN 2010-11"]
[Site "Szombathely HUN"]
[Date "2011.05.15"]
[Round "11"]
[White "Ruck,R1"]
[Black "Varga,Zo"]
[Result "1/2-1/2"]
[WhiteElo "2555"]
[BlackElo "2449"]

1.Nf3 d5 2.d4 c6 3.c4 Nf6 4.Nc3 e6 5.e3 b6 6.Bd3 Nbd7 7.O-O Be7 8.Qe2 Bb7
9.Rd1 Qc7 10.b3 O-O 11.Bb2 Rad8 12.Rac1 Qb8 13.e4 dxe4 14.Nxe4 c5 15.Nxf6+ Bxf6
16.Be4 cxd4 17.Bxd4 Qa8 18.Bxb7 Qxb7 19.Bxf6 Nxf6 20.Rd3 Rxd3 21.Qxd3 Qc7
22.Rd1 Rc8 23.Qd4 h6 24.Ne5 Kf8 25.f4 Ke8 26.Kf1 Qc5 27.Qxc5 Rxc5 28.Ke2 Rc7
29.Ke3 Ke7 30.g3 Ne8 31.Rd3 Nd6  1/2-1/2

[Event "ch-Euro Indiv Women"]
[Site "Tbilisi GEO"]
[Date "2011.05.15"]
[Round "8"]
[White "Kazimova,N"]
[Black "Guramishvili,S"]
[Result "1/2-1/2"]
[WhiteElo "2262"]
[BlackElo "2299"]

1.c4 Nf6 2.Nc3 e6 3.Nf3 d5 4.d4 c6 5.e3 Nbd7 6.Qc2 Bd6 7.g4 Nxg4 8.Rg1 Qf6
9.Rxg4 Qxf3 10.Rxg7 Nf8 11.Rg5 h6 12.Rg2 Ng6 13.Qe2 Qf6 14.f4 Bd7 15.Bd2 O-O-O
16.O-O-O Nh4 17.Rg1 Rhg8 18.Bh3 Rg6 19.Qf2 Nf5 20.Rgf1 Bc7 21.c5 Rdg8 22.Be1 Qg7
23.Ne2 h5 24.Bc3 Nh6 25.Ng1 Ng4 26.Qe2 Qf6 27.Kb1 Qe7 28.Nf3 f6 29.Ka1 R6g7
30.Rg1 Be8 31.Rc1 Kb8 32.a3 Nh6 33.Rxg7 Rxg7 34.Qf2 Ng4 35.Qe2 Bg6 36.Nh4 Be4
37.Rg1 f5 38.Be1 Qf8  1/2-1/2

[Event "ch-Euro Indiv Women"]
[Site "Tbilisi GEO"]
[Date "2011.05.15"]
[Round "8"]
[White "Goryachkina,A"]
[Black "Olsarova,T"]
[Result "0-1"]
[WhiteElo "2103"]
[BlackElo "2234"]

1.d4 d5 2.c4 e6 3.Nc3 c6 4.e3 Nf6 5.Nf3 Nbd7 6.Bd3 dxc4 7.Bxc4 b5 8.Bd3 Bb7
9.e4 b4 10.Na4 c5 11.e5 Nd5 12.O-O h6 13.Re1 Rc8 14.dxc5 Nxc5 15.Bb5+ Bc6
16.Bxc6+ Rxc6 17.Nd4 Rc8 18.Nxc5 Bxc5 19.Nb3 O-O 20.Qg4 f5 21.Qf3 Bb6 22.Bd2 Rc2
23.Rab1 Qc7 24.Qd3 Rd8 25.Qf1 a5 26.Rbc1 a4 27.Na1 Rxc1 28.Bxc1 Bd4 29.Qa6 Nb6
30.Qe2 Rc8 31.Be3 Qxe5 32.Nc2 Bxe3 33.Qxe3 Qxe3 34.Nxe3 Kf7 35.Kf1 f4 36.Nd1 Rc1
37.Ke2 Ra1 38.Kd2 Rxa2 39.Kc2 Ra1 40.Re4 Nd5 41.Rd4 Ke7 42.g3 g5 43.Rc4 Kd7
44.Rd4 Kd6 45.Rc4 a3 46.bxa3 bxa3 47.Ra4 a2 48.Ra6+ Ke5 49.Ra5 Rb1 50.Rxa2 Rxd1  0-1

[Event "ch-Euro Indiv Women"]
[Site "Tbilisi GEO"]
[Date "2011.05.15"]
[Round "8"]
[White "Paikidze,N"]
[Black "Ovod,E"]
[Result "1/2-1/2"]
[WhiteElo "2408"]
[BlackElo "2404"]

1.d4 d5 2.c4 c6 3.Nc3 Nf6 4.e3 e6 5.Nf3 Nbd7 6.Qc2 b6 7.Bd3 Bb7 8.O-O Be7
9.b3 dxc4 10.bxc4 c5 11.Qe2 O-O 12.Ne5 h6 13.Rd1 cxd4 14.exd4 Bb4 15.Bb2 Qe7
16.Nxd7 Qxd7 17.d5 exd5 18.Nxd5 Nxd5 19.cxd5 Rfe8 20.Qh5 Bd6 21.g3 Rad8 22.Rac1 Bc8
23.Rc4 b5 24.Rh4 Bf8 25.g4 Qe7 26.Rh3 Qb4 27.Bd4 Re1+ 28.Rxe1 Qxe1+ 29.Kg2 Bb7
30.Qf5 Bxd5+ 31.f3 Qd2+ 32.Kg1 Qe1+ 33.Kg2 Qd2+ 34.Kg1 Qe1+ 35.Kg2  1/2-1/2

[Event "ch-Euro Indiv Women"]
[Site "Tbilisi GEO"]
[Date "2011.05.16"]
[Round "9"]
[White "Matveeva,S"]
[Black "Paikidze,N"]
[Result "1-0"]
[WhiteElo "2380"]
[BlackElo "2408"]

1.d4 d5 2.c4 c6 3.Nc3 Nf6 4.e3 e6 5.Nf3 Nbd7 6.Qc2 Bd6 7.b3 O-O 8.Be2 b6
9.O-O Bb7 10.Bb2 Rc8 11.Rac1 Qe7 12.Rfd1 Rfd8 13.Bf1 c5 14.cxd5 exd5 15.g3 a6
16.dxc5 bxc5 17.Bg2 Nb6 18.Nh4 Qe6 19.Nf5 Bf8 20.Ne2 Ne4 21.g4 d4 22.Nf4 Qe5
23.Qe2 Qb8 24.Nh5 Re8 25.exd4 Nc3 26.Qd2 Ne2+ 27.Kh1 cxd4 28.Rxc8 Qxc8 29.f3 Qe6
30.Nxd4 Nxd4 31.Qxd4 f6 32.Nf4 Qc6 33.Rc1 Qxc1+ 34.Bxc1 Re1+ 35.Qg1 Rxg1+
36.Kxg1 Bc5+ 37.Kf1 a5 38.Bd2 a4 39.Nd3 Ba6 40.Ke2 axb3 41.axb3 Nd5 42.f4 Nb4
43.Be4 h6 44.h3 Bd6 45.f5 Kf8 46.Bc3 Ke7 47.Kd2 Nxd3 48.Bxd3 Bb7 49.Bf1 Bf4+
50.Ke2 h5 51.Kf2 hxg4 52.hxg4 Be4 53.Bb4+ Kd7 54.Bb5+ Kd8 55.Bc4 Bc2 56.Ke2 Be4
57.Bf7 Kd7 58.Bf8 Bh6 59.Bc5 Bf4 60.b4 Bc6 61.Be6+ Ke8 62.Bc4 Be4 63.b5 g6
64.Be6 gxf5 65.gxf5 Bb7 66.Kd3 Bg2 67.Kc3 Bf3 68.Bd4 Ke7 69.Kb4 Bb7 70.Kc5 Bc7
71.Bd5 Bc8 72.Be4 Bd6+ 73.Kb6 Kf7 74.Ka7 Kg7 75.Be3 Be5 76.b6  1-0

[Event "ch-Euro Indiv Women"]
[Site "Tbilisi GEO"]
[Date "2011.05.17"]
[Round "10"]
[White "Zhukova,N"]
[Black "Aginian,N"]
[Result "1-0"]
[WhiteElo "2428"]
[BlackElo "2284"]

1.d4 d5 2.c4 c6 3.Nf3 Nf6 4.Nc3 e6 5.e3 Nbd7 6.Qc2 b6 7.Bd3 Bb7 8.O-O Bd6
9.b3 O-O 10.Bb2 h6 11.Rad1 Qc7 12.e4 dxe4 13.Nxe4 Nxe4 14.Bxe4 Rad8 15.Qe2 Rfe8
16.Ne5 Nf6 17.Bf3 a5 18.h3 a4 19.bxa4 Ra8 20.Qc2 Ra7 21.c5 bxc5 22.Nc4 Bf8
23.dxc5 Nd7 24.Nd6 Rea8 25.Nxf7 Nxc5 26.Bh5 Qf4 27.Ne5 Qf5 28.Bf7+ Kh8 29.Qc1 Rxa4
30.g4 Qe4 31.Rfe1 Qb4 32.Nd3  1-0

[Event "ch-Moscow KO"]
[Site "Moscow RUS"]
[Date "2011.05.18"]
[Round "1.2"]
[White "Gavrilov,Al1"]
[Black "Tarasov,O"]
[Result "1/2-1/2"]
[WhiteElo "2478"]
[BlackElo "2310"]

1.d4 d5 2.c4 c6 3.e3 Nf6 4.Nc3 e6 5.Nf3 Nbd7 6.Qc2 Bd6 7.Bd3 dxc4 8.Bxc4 a6
9.O-O O-O 10.Rd1 b5 11.Bf1 Qc7 12.e4 e5 13.g3 Re8 14.Bg2 exd4 15.Nxd4 Be5
16.Nce2 Bb7 17.Nf5 g6 18.Nh6+ Kg7 19.Bg5 Nf8 20.Rac1 Ne6 21.Bxf6+ Bxf6 22.Ng4 Be7
23.Qc3+ f6 24.e5 f5 25.Nf6 Red8 26.Nd5 Qd7 27.Ne3 Qc7 28.Nd5 Qd7 29.Ne3 Qc7
30.Bxc6 Bxc6 31.Qxc6 Qxe5 32.Rd7 Rxd7 33.Qxd7 Nc5 34.Qd5 Qxd5 35.Nxd5 Bd6
36.Nd4 Kf7 37.b4 Ne6 38.Nxe6 Kxe6 39.Nc7+ Bxc7 40.Rxc7 a5 41.a3 axb4 42.axb4 Ra4
43.Rxh7 Rxb4 44.Rg7 Kf6 45.Rb7 g5 46.h4 gxh4 47.gxh4 Rg4+ 48.Kf1 b4 49.Rb6+ Ke5
50.Rb5+ Kd6 51.Rxf5 Rxh4 52.Ke2 Rc4 53.Kd3 Rc3+ 54.Kd4 Ke6 55.Rb5 Rf3 56.Rxb4  1/2-1/2

[Event "ch-Moscow KO"]
[Site "Moscow RUS"]
[Date "2011.05.18"]
[Round "1.3"]
[White "Ageichenko,G"]
[Black "Dubov,Danii"]
[Result "1/2-1/2"]
[WhiteElo "2352"]
[BlackElo "2505"]

1.d4 d5 2.c4 c6 3.Nc3 Nf6 4.Nf3 e6 5.e3 Nbd7 6.Qc2 Bd6 7.Be2 O-O 8.O-O dxc4
9.Bxc4 a6 10.Rd1 c5 11.Ne4 Nxe4 12.Qxe4 Nf6 13.Qh4 cxd4 14.exd4 b5 15.Bd3 Bb7
16.Ne5 Ne4 17.Qf4 f5 18.f3 Nf6 19.Qh4 Nd5 20.Bg5 Qe8 21.Re1 h6 22.Bd2 Rc8
23.Rad1 Qd8 24.Qg3 Qf6 25.Qf2 Rfe8 26.a3 Re7 27.Bb1 Bb8 28.Nd3 Ba7 29.Ne5 Ree8
30.Ba5 Nf4 31.Kh1 Bd5 32.Qg3 Nh5 33.Qf2 Nf4 34.Qg3 Nh5 35.Qf2  1/2-1/2

[Event "20th Croatian Cup"]
[Site "Sibenik CRO"]
[Date "2011.05.18"]
[Round "1.101"]
[White "Sertic,Ru"]
[Black "Frank,V"]
[Result "1-0"]
[WhiteElo "2401"]
[BlackElo "2127"]

1.Nf3 Nf6 2.c4 e6 3.Nc3 d5 4.d4 c6 5.e3 Nbd7 6.Qc2 Bb4 7.Bd3 Qe7 8.O-O O-O
9.a3 Ba5 10.b4 Bc7 11.e4 dxc4 12.Bxc4 e5 13.d5 Nb6 14.Bd3 Bg4 15.dxc6 Bxf3
16.cxb7 Rad8 17.gxf3 Nh5 18.a4 Rd6 19.a5 Rg6+ 20.Kh1 Qf6 21.Be2 Nf4 22.Bxf4 Qxf4
23.Rg1 Rh6 24.Rg2 Bb8 25.axb6 axb6 26.Nd5  1-0

[Event "ch-Euro Indiv Women"]
[Site "Tbilisi GEO"]
[Date "2011.05.18"]
[Round "11"]
[White "Ozturk,Ku"]
[Black "Sharevich,A"]
[Result "1/2-1/2"]
[WhiteElo "2262"]
[BlackElo "2378"]

1.d4 d5 2.c4 e6 3.Nc3 Nf6 4.Nf3 c6 5.e3 Bd6 6.Qc2 O-O 7.e4 dxe4 8.Nxe4 Bb4+
9.Bd2 Bxd2+ 10.Nexd2 Nbd7 11.Be2 b6 12.O-O Bb7 13.c5 Qc7 14.b4 b5 15.a4 a6
16.Ng5 h6 17.Nge4 Nd5 18.Rfb1 Nf4  1/2-1/2

[Event "zt 2.5"]
[Site "Asuncion PAR"]
[Date "2011.05.19"]
[Round "4"]
[White "Hobaica,J"]
[Black "Mareco,S"]
[Result "0-1"]
[WhiteElo "2407"]
[BlackElo "2591"]

1.Nf3 Nf6 2.c4 e6 3.Nc3 d5 4.d4 c6 5.e3 Nbd7 6.Qc2 Bd6 7.Bd3 O-O 8.O-O dxc4
9.Bxc4 b5 10.Bb3 Bb7 11.e4 e5 12.Rd1 Qb8 13.dxe5 Nxe5 14.Nh4 Neg4 15.h3 Bc5
16.hxg4 Nxg4 17.Nf3 Nxf2 18.Kf1 Nxd1 19.Nxd1 Bb6 20.e5 c5 21.Qf5 c4 22.Bc2 g6
23.Qg5 Re8 24.Bf4 Bc7 25.Qg3 Bxf3 26.Qxf3 Bxe5 27.Be4 Bxf4 28.Bxa8 Bd2 29.Bd5 Qe5
30.Qf2 Ba5 31.Bf3 Qh2 32.g4 Re1+ 33.Qxe1 Bxe1 34.Kxe1 Qg3+ 35.Ke2 Qe5+ 36.Kf2 Qd4+
37.Kg3 Qd2 38.a3 Kg7 39.Rb1 Qe1+ 40.Kh3 a5 41.Nc3 Qf2 42.Bd1 b4 43.axb4 axb4
44.Ne2 c3 45.bxc3 bxc3 46.Ng3 c2 47.Bxc2 Qxc2 48.Rf1 Qd3 49.Kg2 f6 50.Rf2 Qd4
51.Kf3 Qd5+ 52.Ke3 Qb3+  0-1

[Event "20th Croatian Cup"]
[Site "Sibenik CRO"]
[Date "2011.05.19"]
[Round "3.61"]
[White "Sertic,Ru"]
[Black "Pucovski,M"]
[Result "1/2-1/2"]
[WhiteElo "2401"]
[BlackElo "2291"]

1.Nf3 d5 2.d4 Nf6 3.c4 c6 4.Nc3 e6 5.e3 Nbd7 6.Qc2 Bd6 7.Bd3 dxc4 8.Bxc4 e5
9.O-O O-O 10.h3 Qe7 11.Bb3 Re8 12.Bd2 h6 13.e4 exd4 14.Nxd4 Qe5 15.Nf3 Qh5
16.Qd3 Bc7 17.Be3 Nc5 18.Bxc5 Qxc5 19.Rac1 Qh5 20.Rfe1 Be6 21.Bxe6 Rxe6 22.Nd4 Rd8
23.Qc4 Ree8 24.Nf3 Nd7 25.Rcd1  1/2-1/2

[Event "DPMM Final"]
[Site "Baden Baden GER"]
[Date "2011.05.20"]
[Round "1.2"]
[White "Kraemer,Mart"]
[Black "Rublevsky,S"]
[Result "0-1"]
[WhiteElo "2508"]
[BlackElo "2682"]

1.d4 d5 2.c4 c6 3.Nc3 Nf6 4.e3 e6 5.Nf3 a6 6.c5 b6 7.cxb6 Qxb6 8.Bd3 a5 9.Na4 Qc7
10.Bd2 Ba6 11.Qe2 Bd6 12.Rc1 O-O 13.O-O Bxd3 14.Qxd3 Nbd7 15.Rc2 Rfc8 16.Rfc1 Qb7
17.Be1 h6 18.h3 Ra7 19.Nd2 Nb6 20.Nxb6 Qxb6 21.Qb3 Qxb3 22.Nxb3 Bb4 23.Kf1 Ra6
24.a3 Bxe1 25.Kxe1 Nd7 26.Nc5 Nxc5 27.Rxc5 a4 28.Rb5 Kf8 29.Rb7 Ra5 30.Kd2 c5
31.dxc5 Rcxc5 32.Rxc5 Rxc5 33.Rb4 Ra5 34.Kc3 Ke7 35.Rb7+ Kf6 36.Kb4 Ra8 37.f4 g5
38.g3 gxf4 39.gxf4 Kg6 40.Kc3 f6 41.b4 axb3 42.Kxb3 Kf5 43.Rb4 Rg8 44.a4 Rg3
45.a5 Rxe3+ 46.Kb2 Rg3 47.a6 Rg8 48.a7 Ra8 49.Ra4 d4 50.Kc2 Kxf4 51.Rxd4+ Kg3
52.Rd3+ Kg2 53.Ra3 f5 54.Kd1 f4 55.Ke2 e5 56.Ra6 e4 57.Rg6+ Kh2 58.Ra6 h5
59.h4 Kg3 60.Ra5 Kxh4 61.Kf2 Kg4  0-1

[Event "ch-Siberia Women"]
[Site "Barnaul RUS"]
[Date "2011.05.20"]
[Round "1"]
[White "Trapeznikova,D"]
[Black "Ubiennykh,E"]
[Result "0-1"]
[WhiteElo "1988"]
[BlackElo "2308"]

1.d4 d5 2.c4 c6 3.Nf3 Nf6 4.Nc3 e6 5.e3 Nbd7 6.Bd3 dxc4 7.Bxc4 b5 8.Bd3 Bb7
9.O-O Qc7 10.a3 a6 11.e4 c5 12.d5 O-O-O 13.Ng5 Ne5 14.Bf4 Bd6 15.Qe2 h6 16.Bxe5 Bxe5
17.Nf3 Bxc3 18.bxc3 c4 19.Bc2 exd5 20.e5 Ne4 21.Qe3 f5 22.Nd4 f4 23.Qxf4 Nxc3
24.Qg4+ Kb8 25.Ne6 Bc8 26.Nxc7 Bxg4 27.Nxa6+ Kb7 28.Nb4 Be2 29.Rfe1 d4 30.Be4+ Nxe4
31.Rxe2 Nc5 32.f4 d3 33.Ree1 c3  0-1

[Event "46th Capablanca Memorial Open A"]
[Site "Havana CUB"]
[Date "2011.05.20"]
[Round "9.24"]
[White "Girones Barrios,Y"]
[Black "Leyva Rivera,Y"]
[Result "1/2-1/2"]
[WhiteElo "2221"]
[BlackElo "2382"]

1.d4 d5 2.c4 c6 3.Nc3 Nf6 4.Nf3 e6 5.e3 Nbd7 6.Qc2 Bd6 7.Bd3 dxc4 8.Bxc4 b5
9.Bd3 O-O 10.O-O Bb7 11.a3 a6 12.b4 a5 13.Rb1 axb4 14.axb4 Qe7 15.e4 e5 16.dxe5 Nxe5
17.Nxe5 Bxe5 18.Ne2 Qe6 19.f4 Ra2 20.Qb3 Ba1 21.Nc3 Bxc3 22.Qxc3 Nxe4 23.Bxe4 Qxe4
24.Bb2 f6 25.Rbe1 Qc4 26.Re7 Qxc3 27.Bxc3 Rf7 28.Re8+ Rf8 29.Re7 Bc8 30.Rfe1 Rf7
31.Re8+ Rf8 32.R8e7  1/2-1/2

[Event "46th Capablanca Memorial Open A"]
[Site "Havana CUB"]
[Date "2011.05.20"]
[Round "9.48"]
[White "Vigoa Apecheche,Yan"]
[Black "Romero,N"]
[Result "1-0"]
[WhiteElo "2279"]
[BlackElo "2132"]

1.d4 d5 2.Nf3 Nf6 3.c4 c6 4.Nc3 e6 5.e3 Nbd7 6.Ne5 Ne4 7.Nxe4 dxe4 8.Nxd7 Bxd7
9.Bd2 Qg5 10.Qc2 Qf5 11.Bc3 Be7 12.O-O-O b5 13.f3 exf3 14.Qxf5 exf5 15.gxf3 b4
16.Bd2 O-O-O 17.c5 a5 18.a3 bxa3 19.bxa3 a4 20.Bd3 Kb7 21.Bc3 Bg5 22.f4 Bf6
23.Kd2 Ra8 24.Rb1+ Kc7 25.Rb6 g6 26.Rhb1 Be6 27.Rb7+ Kc8 28.Ba6 Bb3 29.R7xb3+ Rxa6
30.Rb8+ Kd7 31.R1b7+ Ke6 32.Rxh8 Bxh8 33.d5+  1-0

[Event "20th Croatian Cup"]
[Site "Sibenik CRO"]
[Date "2011.05.20"]
[Round "4.114"]
[White "Martic,Slavko"]
[Black "Matanovic,Luka"]
[Result "1/2-1/2"]
[WhiteElo "1986"]
[BlackElo "1856"]

1.d4 d5 2.Nf3 Nf6 3.c4 e6 4.Nc3 c6 5.e3 Nbd7 6.cxd5 exd5 7.Bd3 Bd6 8.O-O O-O
9.Qc2 Re8 10.e4 dxe4 11.Nxe4 Nxe4 12.Bxe4 Nf6 13.Bf5 Qa5 14.Bxc8 Raxc8 15.Bd2 Qa6
16.Bc3 Nd5 17.Bd2 Re2 18.Qf5 Rce8 19.Qd7 Bb8 20.Rae1 Nf6 21.Qh3 h6 22.Rxe2 Rxe2
23.Re1 Bd6 24.Qc8+ Kh7 25.Qf5+ Kg8 26.Qc8+ Kh7 27.g3 Rxe1+ 28.Nxe1 Qe2 29.Qf5+  1/2-1/2

[Event "20th Croatian Cup"]
[Site "Sibenik CRO"]
[Date "2011.05.20"]
[Round "4.34"]
[White "Vukelic,T"]
[Black "Petrov,J"]
[Result "1/2-1/2"]
[WhiteElo "2230"]
[BlackElo "2433"]

1.d4 d5 2.c4 c6 3.e3 Nf6 4.Nc3 e6 5.Nf3 Nbd7 6.Qc2 Bd6 7.Bd3 O-O 8.O-O dxc4
9.Bxc4 e5 10.h3 Qe7 11.a3 h6 12.Nh4 Nb6 13.Ng6 Qc7 14.dxe5 Bxe5 15.Nxe5 Qxe5
16.Bd3 Rd8 17.Rd1 Be6 18.b3 Nbd5 19.Bd2 Qc7 20.Ne2 Re8 21.e4 Nb6 22.Bc3 Nbd7
23.Qb2 Rad8 24.b4 Nh5 25.Rac1 Nb6 26.Be5 Qe7 27.Kh2 Bc4 28.Bb1 Rxd1 29.Rxd1 Rd8
30.Qc2 Qg5  1/2-1/2

[Event "ch-BUL Seniors"]
[Site "Sofia BUL"]
[Date "2011.05.20"]
[Round "9.2"]
[White "Orev,P"]
[Black "Andreev,Do"]
[Result "1-0"]
[WhiteElo "2224"]
[BlackElo "2065"]

1.Nf3 d5 2.d4 c6 3.c4 Nf6 4.Nc3 e6 5.e3 Be7 6.Be2 dxc4 7.Bxc4 b5 8.Bd3 a6
9.O-O c5 10.dxc5 Bxc5 11.Qe2 b4 12.Rd1 bxc3 13.Be4 Qxd1+ 14.Qxd1 Nxe4 15.Qa4+ Nd7
16.Qxe4 Rb8 17.bxc3 O-O 18.Ng5 Nf6 19.Qe5 Nd7 20.Qf4 Rb6 21.h4 Rd6 22.Bb2 Rd2
23.Rb1 Bd6 24.Qe4 Nf6 25.Qf3 e5 26.Ne4 Nxe4 27.Qxe4 Be6 28.Ba1 Bxa2 29.Re1 f5
30.Qc6 f4  1-0

[Event "Serbian Cup 2011"]
[Site "Valjevo SRB"]
[Date "2011.05.20"]
[Round "5.5"]
[White "Miljkovic,Mir1"]
[Black "Zontakh,A"]
[Result "1/2-1/2"]
[WhiteElo "2506"]
[BlackElo "2567"]

1.d4 d5 2.c4 e6 3.Nc3 c6 4.e3 Nf6 5.Nf3 Nbd7 6.Qc2 Bd6 7.Bd3 O-O 8.O-O dxc4
9.Bxc4 b5 10.Bd3 Bb7 11.Rd1 Qe7 12.e4 e5 13.Ne2 c5 14.Ng3 g6 15.d5 c4 16.Be2 Rfc8
17.Bg5 Qf8 18.Qc1 Ne8 19.Nh4 Rc7 20.Nhf5 gxf5 21.Bh6 Qe7 22.Nxf5 Qf6 23.Bh5 Nf8
24.Bg5 Qh8 25.Nh6+ Kg7 26.Nf5+ Kg8 27.Nh6+ Kg7 28.Nf5+  1/2-1/2

[Event "XXX Zalakaros Open"]
[Site "Zalakaros HUN"]
[Date "2011.05.20"]
[Round "1"]
[White "Kantor,G"]
[Black "Berczes,D"]
[Result "1/2-1/2"]
[WhiteElo "2210"]
[BlackElo "2531"]

1.d4 d5 2.c4 e6 3.Nc3 c6 4.e3 Nf6 5.Nf3 Nbd7 6.Qc2 b6 7.b3 Bb7 8.Bd3 Be7
9.O-O O-O 10.Bb2 h6 11.Rad1 Qc7 12.h3 Rfe8 13.Qe2 dxc4 14.bxc4 c5 15.Nb5 Qb8
16.Ne5 a6 17.Nxd7 Nxd7 18.Nc3 cxd4 19.exd4 Nf6 20.Ne4 Qc7 21.Nxf6+ Bxf6 22.Rfe1 Qc6
23.f3 Qa4 24.Bc3 Rac8 25.Qb2 b5 26.Qb3 Qxb3 27.axb3 Bd5 28.cxd5 Rxc3 29.dxe6 Rxe6
30.Rxe6 fxe6 31.Be4 Kf8 32.d5 exd5 33.Bxd5 a5 34.Rd2 Ke7 35.Ra2 Kd6 36.Bf7 Bd4+
37.Kf1 Bb6 38.Ke2 Re3+ 39.Kd2 Re7 40.Bg6 Kc5 41.Rc2+ Kb4 42.Rc6 Bf2 43.Bd3 h5
44.Kc2 Re5 45.Be4 h4 46.Bd3 g5 47.Be4 Ka3 48.Rc8 Bg3 49.Rc6 Bf4 50.Rc8 Kb4
51.Rc6 Re7 52.Rc8 Rd7 53.Bd3 a4 54.bxa4 Kxa4 55.Rc5 Rb7 56.Kc3 Ka5 57.Kb3 Rb8  1/2-1/2

[Event "ch-KAZ 2011"]
[Site "Astana KAZ"]
[Date "2011.05.21"]
[Round "7"]
[White "Temirbayev,S"]
[Black "Jumabayev,R"]
[Result "1/2-1/2"]
[WhiteElo "2407"]
[BlackElo "2558"]

1.d4 Nf6 2.c4 e6 3.Nf3 d5 4.Nc3 c6 5.e3 Nbd7 6.Qc2 Bd6 7.Bd3 O-O 8.O-O dxc4
9.Bxc4 b5 10.Be2 Bb7 11.Rd1 Qb8 12.Ne4 Nxe4 13.Qxe4 c5 14.Qh4 c4 15.e4 e5
16.Be3 a6 17.Rac1 Re8 18.d5 Qc7 19.Nd2 Qa5 20.a3 Qd8 21.Qxd8 Rexd8 22.a4 Bb4
23.Nb1 Nf6 24.f3 Ne8 25.Nc3 Nd6 26.g4 Rdc8 27.Ra1 Kf8 28.Ra2 Bc5 29.Bxc5 Rxc5
30.axb5 axb5 31.Rxa8+ Bxa8 32.Ra1 Bb7 33.Kf2 Ke7 34.Ke1 Kd8 35.Kd2 Kc7 36.Nd1 Kb6
37.Ne3 g6 38.g5 Bc8 39.h4 Rc7 40.Kc3 f5 41.gxf6 Rf7 42.b3 cxb3 43.Kxb3 Rxf6
44.Kb4 h5 45.Bxb5 Rxf3 46.Nc4+ Nxc4 47.Bxc4 Rf4 48.Ra8 Bb7 49.Re8 Rxe4 50.Re6+ Ka7
51.Kc5 Rxh4 52.Rxg6  1/2-1/2

[Event "DPMM Final"]
[Site "Baden Baden GER"]
[Date "2011.05.21"]
[Round "2.2"]
[White "Kraemer,Mart"]
[Black "Steingrimsson,H"]
[Result "1/2-1/2"]
[WhiteElo "2508"]
[BlackElo "2569"]

1.d4 d5 2.c4 c6 3.Nc3 Nf6 4.e3 e6 5.Nf3 Nbd7 6.Qc2 Bd6 7.Bd3 O-O 8.O-O dxc4
9.Bxc4 a6 10.Rd1 b5 11.Bd3 Bb7 12.Ng5 h6 13.Nge4 Be7 14.a3 a5 15.Bd2 Qb6  1/2-1/2

[Event "XXVI Felix Cup"]
[Site "Baile Felix ROU"]
[Date "2011.05.21"]
[Round "2.5"]
[White "Bodiroga,P"]
[Black "Lengyel,La2"]
[Result "1-0"]
[WhiteElo "2384"]
[BlackElo "1966"]

1.d4 d5 2.c4 c6 3.Nc3 Nf6 4.e3 e6 5.Nf3 Nbd7 6.Qc2 Bd6 7.Bd2 O-O 8.b3 dxc4
9.Bxc4 b5 10.Bd3 Bb7 11.O-O a6 12.Ng5 h6 13.Nge4 Nxe4 14.Nxe4 Be7 15.b4 e5
16.Nc5 Nxc5 17.dxc5 Qd7 18.Bh7+ Kh8 19.Bf5 Qc7 20.Bc3 Bc8 21.Rad1 a5 22.a3 axb4
23.axb4 f6 24.f4 Bxf5 25.Qxf5 Rad8 26.fxe5 fxe5 27.Qxe5 Qxe5 28.Bxe5 Bg5
29.Rxf8+ Rxf8 30.Bd4 Ra8 31.Kf2 Ra4 32.Bc3 Ra3 33.Bd2 Rb3 34.Ra1 Rb2 35.Ke1 Rb3
36.Ke2 Rb2 37.Ra6 Bf6 38.Kd3 Rb3+ 39.Kc2 Rb2+ 40.Kc1 Rb3 41.Rxc6  1-0

[Event "46th Capablanca Memorial Open A"]
[Site "Havana CUB"]
[Date "2011.05.21"]
[Round "10.53"]
[White "Romero,N"]
[Black "Sanchez Comesana,Angelica Maria"]
[Result "0-1"]
[WhiteElo "2132"]
[BlackElo "2019"]

1.d4 d5 2.c4 c6 3.Nc3 Nf6 4.e3 e6 5.Nf3 Nbd7 6.Bd3 dxc4 7.Bxc4 b5 8.Bd3 Bd6
9.a3 O-O 10.O-O Qc7 11.e4 e5 12.d5 a6 13.dxc6 Qxc6 14.Bg5 h6 15.Bh4 Bb7 16.Rc1 Qb6
17.Bb1 Rfe8 18.Qe2 Rac8 19.Rfd1 Bb8 20.Nd2 Nc5 21.Qe3 Nfd7 22.Nd5 Bxd5 23.exd5 Na4
24.Qh3 Rxc1 25.Rxc1 Qd6 26.Ba2 e4 27.Bg3 Qe7 28.Bxb8 Nxb8 29.Rc8 Nxb2 30.d6 Qf8
31.Rc7 Qxd6 32.Bxf7+ Kh8 33.Rc8 Rd8 34.Nf1 Nd3 35.Qg3 Qb6 36.Ne3  0-1

[Event "20th Croatian Cup"]
[Site "Sibenik CRO"]
[Date "2011.05.21"]
[Round "5.12"]
[White "Kozul,Z"]
[Black "Rogic,D"]
[Result "1-0"]
[WhiteElo "2555"]
[BlackElo "2581"]

1.d4 d5 2.c4 c6 3.e3 Nf6 4.Nc3 e6 5.Nf3 Nbd7 6.Qc2 Bd6 7.b3 O-O 8.Be2 b6
9.O-O Bb7 10.Bb2 Qe7 11.Rad1 Rad8 12.Rfe1 a6 13.e4 dxe4 14.Nxe4 Nxe4 15.Qxe4 Bb4
16.Bd3 Nf6 17.Qh4 h6 18.Re3 Nh7 19.Qh5 Bd6 20.Ne5 Qg5 21.Qe2 Nf6 22.c5 bxc5
23.dxc5 Bxc5 24.Rg3 Qh5 25.Nd7 Qxe2 26.Rxg7+ Kxg7 27.Bxf6+ Kg8 28.Bxe2 Rxd7
29.Rxd7 Ba8 30.Rd3 Rb8 31.Rh3  1-0